000 00290nam a22001337a 4500
008 171104b xxu||||| |||| 00| 0 eng d
020 _a9780538881371
041 _aeng
080 _a330.722.6
100 _a61
101 _aKON
245 _aCOST ACCOUNTING
_cBARFIELD
942 _2udc
_cBK
999 _c37646
_d37646